Great American paintings from Smibert to Bellows, 1729-1924

Gardado en:
Detalles Bibliográficos
Autor Principal: Walker, John
Formato: Libro
Idioma:Undetermined
Publicado: New York Oxford University Press 1943
Những chủ đề:
Các nhãn: Engadir etiqueta
Sen Etiquetas, Sexa o primeiro en etiquetar este rexistro!
Thư viện lưu trữ: Trung tâm Học liệu Trường Đại học Cần Thơ
LEADER 00584nam a2200205Ia 4500
001 CTU_111620
008 210402s9999 xx 000 0 und d
082 |a 759.13 
082 |b W177 
100 |a Walker, John 
245 0 |a Great American paintings from Smibert to Bellows, 1729-1924 
245 0 |c John Walker, Macgill James 
260 |a New York 
260 |b Oxford University Press 
260 |c 1943 
650 |a Painting, American,Painting 
650 |x History 
650 |z United States 
904 |i M.Loan 
980 |a Trung tâm Học liệu Trường Đại học Cần Thơ